| 000 | 00578 a2200205 4500 | ||
|---|---|---|---|
| 001 | 63726 | ||
| 005 | 20260407155936.0 | ||
| 008 | 260407a1963 arg spa d | ||
| 003 | AR-UNSa-BCEJYS | ||
| 040 |
_aAR-UNSa-BCEJYS _bspa _cAR-UNSa-BCEJYS |
||
| 080 |
_a517.1 _xIntroducción al análisis. (Cálculo) |
||
| 245 | 1 | 0 | _aCalculus and analytic geometry |
| 264 | 1 |
_aNew Jersey : _bPrentice-Hall _c1963 |
|
| 300 |
_axv, 660 p. _c23 cm. |
||
| 041 | _aspa | ||
| 942 | _cBK | ||
| 590 | _aniveau_biblio:m niveau_hierar:0 | ||
| 100 | 1 | _aFobes, Melcher P. | |
| 700 | 1 | _aSmyth, Ruth B. | |
| 999 |
_c8286 _d8286 |
||